Science Quiz

Random Science or Elements Quiz
Score 0/10 Timer 03:00
0 Plays Today
Melting Point (Kelvin) Element % Correct
3948Carbon
69.2%
3680Tungsten
66.3%
2573Boron
43.2%
3300Osmium
36.4%
2716Iridium
33%
2890Molybdenum
29%
3453Rhenium
27.2%
3269Tantalum
24.3%
2523Ruthenium
21.3%
2741Niobium
21.2%
Remove Ads.
Support Sporcle.
Get the best of Sporcle when you Go Orange. This ad-free experience offers more features, more stats, and more fun while also helping to support Sporcle. Thank you for becoming a member.

You're not logged in!

Compare scores with friends on all Sporcle quizzes.
OR
Log In

Show Comments

Extras

Top Quizzes Today


Score Distribution

Your Account Isn't Verified!

In order to create a playlist on Sporcle, you need to verify the email address you used during registration. Go to your Sporcle Settings to finish the process.

Report this User

Report this user for behavior that violates our Community Guidelines.

Details: